<?xml version="1.0" encoding="UTF-8"?><?xml-stylesheet type="text/xsl" href="static/style.xsl"?><OAI-PMH xmlns="http://www.openarchives.org/OAI/2.0/" xmlns:xsi="http://www.w3.org/2001/XMLSchema-instance" xsi:schemaLocation="http://www.openarchives.org/OAI/2.0/ http://www.openarchives.org/OAI/2.0/OAI-PMH.xsd"><responseDate>2026-04-17T05:55:19Z</responseDate><request verb="GetRecord" identifier="oai:www.recercat.cat:2117/356140" metadataPrefix="marc">https://recercat.cat/oai/request</request><GetRecord><record><header><identifier>oai:recercat.cat:2117/356140</identifier><datestamp>2026-01-26T04:12:39Z</datestamp><setSpec>com_2072_1033</setSpec><setSpec>col_2072_452951</setSpec></header><metadata><record xmlns="http://www.loc.gov/MARC21/slim" xmlns:dcterms="http://purl.org/dc/terms/" xmlns:xsi="http://www.w3.org/2001/XMLSchema-instance" xmlns:doc="http://www.lyncode.com/xoai" xsi:schemaLocation="http://www.loc.gov/MARC21/slim http://www.loc.gov/standards/marcxml/schema/MARC21slim.xsd">
   <leader>00925njm 22002777a 4500</leader>
   <datafield ind2=" " ind1=" " tag="042">
      <subfield code="a">dc</subfield>
   </datafield>
   <datafield ind2=" " ind1=" " tag="720">
      <subfield code="a">Carrero Gil, Miriam</subfield>
      <subfield code="e">author</subfield>
   </datafield>
   <datafield ind2=" " ind1=" " tag="260">
      <subfield code="c">2008-02-01</subfield>
   </datafield>
   <datafield ind2=" " ind1=" " tag="520">
      <subfield code="a">El tram de carretera del projecte es troba ubicat a la comarca del Montsià, concretament a la ciutat d’Amposta. Aquest tram de C-12 fa la funció de circumval·lació per a la ciutat i és zona de pas de vehicles que van als 2 polígons de la ciutat. S’han consultat les dades referents al planejament en el municipi de l’àmbit de projecte, la Revisió del Pla d’Ordenació Urbanística Municipal, on es contempla aquest eixamplament de la carretera de manera paral·lela a l’actual traça, pels dos costats de la calçada, quan s’assoleixi la intensitat de trànsit que ho requereixi. El present projecte pretén definir i valorar les obres necessàries per al condicionament, eixamplament i millora de la carretera C-12 en el tram comprès entre l’enllaç de tipus rotonda d’ Amposta Sud amb la N-340 i l’autopista A-7, fins a l’encreuament amb el Camí de Pins, entre els PK 0+490 i 2+930, desenvolupant a nivell de Projecte Constructiu l’ Alternativa Nº2 de l’ Anàlisi d’ Alternatives.</subfield>
   </datafield>
   <datafield tag="653" ind2=" " ind1=" ">
      <subfield code="a">Àrees temàtiques de la UPC::Enginyeria civil::Infraestructures i modelització dels transports::Transport per carretera</subfield>
   </datafield>
   <datafield tag="653" ind2=" " ind1=" ">
      <subfield code="a">Roads -- Design and construction</subfield>
   </datafield>
   <datafield tag="653" ind2=" " ind1=" ">
      <subfield code="a">Carreteres -- Disseny i construcció</subfield>
   </datafield>
   <datafield ind2="0" ind1="0" tag="245">
      <subfield code="a">Projecte constructiu de millora general. Desdoblament de la carretera C-12 "Eix de l'Ebre" pk 0+490 al 2+930. Amposta (Montsià)</subfield>
   </datafield>
</record></metadata></record></GetRecord></OAI-PMH>